10 najczęściej pobieranych aplikacji na Android - Statystyki

Ogólne statystyki
  • Ten quiz został rozwiązany 2 357 razy
  • Średni wynik to 4 z 10
Statystyki odpowiedzi
Odpowiedź % Poprawnych
Facebook
94%
Instagram
93%
Messenger
79%
TikTok
61%
WhatsApp
40%
Facebook Lite
5%
Messenger Lite
5%
Helix Jump
1%
Garena Free Fire
0%
SHAREit
0%
Nie znaleziono quizów pasujących do podanych kryteriów
Rozkład punktacji
Procent ludzi z każdym wynikiem
Percentyl według liczby udzielonych odpowiedzi
Twoja historia wyników
Nie rozwiązałeś tego quizu